000 00862nam a22002537a 4500
003 DO-SdBNP
005 20210616132852.0
008 210614b 2017 dr p 00| 0 eng d
020 _a9789945581935
040 _aDO-SdBNP
_bspa
_cBNPHU
082 4 _222
_aRD861.44
_bG633a
100 1 _aGómez Beras, Carlos Roberto,
_d1959-
_978829
245 1 0 _aÁrbol :
_b (treinta y cinco textos y sus reflejos) /
_cCarlos Roberto Gómez Beras.
260 _aSan Juan :
_bIsla Negra,
_c2017.
300 _a84 p. :
_bil. ;
_c16 cm.
490 1 _aFilo de juego
500 _aIncluye datos biográficos del autor en la solapa de la cubierta
590 _aInventariado, 2021 /LP
650 4 _aPoesía dominicana
_978870
650 4 _aLiteratura dominicana
_978871
830 0 _aFilo de juego
_91014
910 _aValidado. Control de calidad MFF
942 _2ddc
_cLBS1
999 _c49913
_d49913